[Event "Madrid Chamartin op 7th"]
[Site "Madrid"]
[Date "2018.09.06"]
[Round "6"]
[White "Martinez Aragon, Aitor"]
[Black "Carrasco Coquillat, Alvaro"]
[Result "1/2-1/2"]
[WhiteElo "2008"]
[BlackElo "1992"]
[PlyCount "36"]
[EventDate "2018.09.03"]
[EventType "swiss"]
[EventRounds "9"]
[EventCountry "ESP"]
[SourceTitle "CBM 187 Extra"]
[Source "ChessBase"]
[SourceDate "2018.11.04"]
[SourceVersion "1"]
[SourceVersionDate "2018.11.04"]
[SourceQuality "1"]

1. e4 e5 2. d4 d6 3. dxe5 dxe5 4. Qxd8+ Kxd8 5. Bg5+ Be7 6. Bxe7+ Kxe7 7. Bc4 Be6 8. Bxe6 Kxe6 9. Ne2 Ne7 10. Nbc3 Nbc6 11. 0-0-0 Rad8 12. Rxd8 Rxd8 13. Rd1 Rxd1+ 14. Nxd1 a5 15. c3 Ng6 16. g3 h5 17. h4 f6 18. Ne3 Nge7 1/2-1/2

[Event "Madrid Chamartin op 7th"]
[Site "Madrid"]
[Date "2018.09.03"]
[Round "1"]
[White "Palomares Cortez, Facundo Sebast"]
[Black "Martinez Aragon, Aitor"]
[Result "0-1"]
[WhiteElo "1717"]
[BlackElo "2008"]
[PlyCount "72"]
[EventDate "2018.09.03"]
[EventType "swiss"]
[EventRounds "9"]
[EventCountry "ESP"]
[SourceTitle "CBM 187 Extra"]
[Source "ChessBase"]
[SourceDate "2018.11.04"]
[SourceVersion "1"]
[SourceVersionDate "2018.11.04"]
[SourceQuality "1"]

1. e4 c5 2. Nf3 e6 3. d4 cxd4 4. Nxd4 a6 5. Nc3 Qc7 6. a3 Nf6 7. Be2 d6 8. Be3 Be7 9. 0-0 0-0 10. f4 Nc6 11. Qe1 Nxd4 12. Bxd4 b5 13. Bf3 Bb7 14. Rd1 Rfd8 15. Qf2 Nd7 16. e5 Bxf3 17. Qxf3 dxe5 18. fxe5 Rf8 19. Qe4 Bc5 20. Rfe1 Rad8 21. Kh1 Bxd4 22. Qxd4 Nb6 23. Qe4 Nc4 24. b3 Rxd1 25. Rxd1 Nb2 26. Nd5 exd5 27. Rxd5 Qc3 28. e6 fxe6 29. Qxe6+ Kh8 30. Rf5 Rg8 31. h3 Qxc2 32. Qf7 Nd1 33. Rh5 Ne3 34. Qf3 Qc1+ 35. Kh2 Nf1+ 36. Kh1 Nd2+ 0-1

[Event "Madrid-ch sf"]
[Site "Madrid"]
[Date "2018.05.09"]
[Round "5"]
[White "Garcia Dorado, Alberto"]
[Black "Martinez Aragon, Aitor"]
[Result "1-0"]
[WhiteElo "2129"]
[BlackElo "1823"]
[PlyCount "59"]
[EventDate "2018.05.05"]
[EventType "swiss"]
[EventRounds "9"]
[EventCountry "ESP"]
[SourceTitle "CBM 184 Extra"]
[Source "ChessBase"]
[SourceDate "2018.06.28"]
[SourceVersion "1"]
[SourceVersionDate "2018.06.28"]
[SourceQuality "1"]

1. d4 Nf6 2. c4 e6 3. g3 d5 4. Nf3 Be7 5. Bg2 0-0 6. Qc2 b6 7. cxd5 exd5 8. 0-0 Bb7 9. Bf4 c5 10. Nc3 Nc6 11. dxc5 bxc5 12. Rfd1 Qa5 13. Ne5 Nd4 14. Qd2 Qb4 15. Nd3 Qb6 16. Na4 Qb5 17. Nc3 Qb6 18. Bg5 Rfd8 19. Na4 Qb5 20. Bxf6 gxf6 21. Nc3 Qd7 22. Nf4 Qf5 23. e3 Nc2 24. Ncxd5 Bxd5 25. Nxd5 Rxd5 26. Bxd5 Rd8 27. e4 Qxe4 28. Bxe4 Rxd2 29. Rxd2 Nxa1 30. Rd1 1-0

[Event "Madrid-ch sf"]
[Site "Madrid"]
[Date "2018.05.05"]
[Round "1"]
[White "Martinez Aragon, Aitor"]
[Black "Pindado Campos, Raul"]
[Result "0-1"]
[WhiteElo "1823"]
[BlackElo "2018"]
[PlyCount "86"]
[EventDate "2018.05.05"]
[EventType "swiss"]
[EventRounds "9"]
[EventCountry "ESP"]
[SourceTitle "CBM 184 Extra"]
[Source "ChessBase"]
[SourceDate "2018.06.28"]
[SourceVersion "1"]
[SourceVersionDate "2018.06.28"]
[SourceQuality "1"]

1. e4 c5 2. Nf3 d6 3. d4 cxd4 4. Nxd4 a6 5. Nc3 Nf6 6. h3 e6 7. g4 Be7 8. Bg2 Qc7 9. Be3 Nc6 10. Qe2 Ne5 11. 0-0 Nc4 12. Bc1 0-0 13. b3 Ne5 14. Bb2 Bd7 15. Rad1 Rac8 16. f4 Nc6 17. Kh1 Nxd4 18. Rxd4 b5 19. e5 Ne8 20. Rfd1 Bc6 21. b4 Bxg2+ 22. Kxg2 Qb7+ 23. Kh2 d5 24. Ra1 Rc4 25. Rxc4 bxc4 26. a3 Nc7 27. Qe3 a5 28. Ne2 axb4 29. axb4 Bxb4 30. Ra7 Qb8 31. f5 Rc8 32. f6 Ne8 33. Bd4 Nxf6 34. Ng3 Ne8 35. Bb6 Bc3 36. Qf3 f6 37. exf6 Bxf6 38. Be3 Nc7 39. g5 Be5 40. Bf2 Rf8 41. Qe2 Nb5 42. Re7 Qd6 43. Rb7 Nc3 0-1

[Event "Madrid-ch U14"]
[Site "Madrid"]
[Date "2018.04.21"]
[Round "6"]
[White "Martinez Aragon, Aitor"]
[Black "Zhou, Lulu"]
[Result "1-0"]
[WhiteElo "1823"]
[BlackElo "1925"]
[PlyCount "99"]
[EventDate "2018.04.14"]
[EventType "swiss"]
[EventRounds "6"]
[EventCountry "ESP"]
[SourceTitle "EXT 2019"]
[Source "ChessBase"]
[SourceDate "2018.10.10"]
[SourceVersion "1"]
[SourceVersionDate "2018.10.10"]
[SourceQuality "1"]

1. f4 Nf6 2. b3 g6 3. Bb2 Bg7 4. Nf3 d6 5. e3 0-0 6. Be2 Nbd7 7. 0-0 b6 8. Nd4 Bb7 9. Bf3 Bxf3 10. Nxf3 c5 11. Qe2 Nd5 12. Bxg7 Kxg7 13. c4 Nb4 14. a3 Nc6 15. Nc3 e5 16. Nd5 Ne7 17. Nxe7 Qxe7 18. Rfe1 h6 19. d4 Qf6 20. dxe5 dxe5 21. Rad1 Rad8 22. Qb2 e4 23. Qxf6+ Kxf6 24. Nd2 Rfe8 25. Nb1 Ke7 26. Nc3 Nf6 27. h3 a6 28. Kf2 Rxd1 29. Rxd1 Rd8 30. Rxd8 Kxd8 31. g4 g5 32. fxg5 hxg5 33. Kg3 Kd7 34. h4 gxh4+ 35. Kxh4 Ke6 36. g5 Nh7 37. Nxe4 Kf5 38. Nd6+ Kg6 39. Nc8 Nxg5 40. Nxb6 Ne4 41. Kg4 Nd2 42. b4 cxb4 43. axb4 Kf6 44. Kf4 Ke6 45. c5 Nb3 46. Ke4 Nc1 47. Na8 Kd7 48. Kd5 Nd3 49. c6+ Kc8 50. Kd6 1-0

[Event "Madrid-ch U14"]
[Site "Madrid"]
[Date "2018.04.15"]
[Round "4"]
[White "Martinez Aragon, Aitor"]
[Black "Fernandez Salamanca, Gonzalo"]
[Result "0-1"]
[WhiteElo "1823"]
[BlackElo "1647"]
[PlyCount "116"]
[EventDate "2018.04.14"]
[EventType "swiss"]
[EventRounds "6"]
[EventCountry "ESP"]
[SourceTitle "EXT 2019"]
[Source "ChessBase"]
[SourceDate "2018.10.10"]
[SourceVersion "1"]
[SourceVersionDate "2018.10.10"]
[SourceQuality "1"]

1. b3 e5 2. Bb2 Nc6 3. e3 Nf6 4. Bb5 d6 5. d4 exd4 6. exd4 d5 7. Nf3 Bd6 8. 0-0 0-0 9. c4 Ne7 10. Nc3 c6 11. c5 Bc7 12. Be2 Nf5 13. Qc2 h6 14. Bd3 Ne7 15. Rfe1 Be6 16. Ne5 Qc8 17. Re2 Bf5 18. Rae1 Bxd3 19. Qxd3 Qf5 20. Nd1 Bxe5 21. Qxf5 Bxh2+ 22. Kxh2 Nxf5 23. f3 Rfe8 24. g4 Nh4 25. Kg3 Ng6 26. Ne3 Ne7 27. Bc1 Rad8 28. g5 hxg5 29. Ng4 Nf5+ 30. Kh3 Rxe2 31. Rxe2 Nxd4 32. Re7 Nd7 33. Bxg5 f6 34. Bf4 Nxc5 35. Be3 Nf5 36. Bxc5 Nxe7 37. Bxe7 Re8 38. Bc5 b6 39. Bd6 Re2 40. a3 Rb2 41. b4 Rb3 42. Kg3 Rxa3 43. Kf4 Kf7 44. Kg3 a5 45. bxa5 Rxa5 46. Bc7 Rb5 47. Ne3 Rb3 48. Nf5 c5 49. Kf2 d4 50. Ke2 g6 51. Nd6+ Ke7 52. Nc4 b5 53. Nd2 Rb2 54. Bb6 Kd6 55. Kd1 Kc6 56. Ba7 Ra2 57. Bb8 c4 58. Bh2 c3 0-1

[Event "Madrid-ch U14"]
[Site "Madrid"]
[Date "2018.04.14"]
[Round "1"]
[White "Garcia Seijas, Adrian"]
[Black "Martinez Aragon, Aitor"]
[Result "1/2-1/2"]
[WhiteElo "1622"]
[BlackElo "1823"]
[PlyCount "158"]
[EventDate "2018.04.14"]
[EventType "swiss"]
[EventRounds "6"]
[EventCountry "ESP"]
[SourceTitle "EXT 2019"]
[Source "ChessBase"]
[SourceDate "2018.10.10"]
[SourceVersion "1"]
[SourceVersionDate "2018.10.10"]
[SourceQuality "1"]

1. d4 Nf6 2. Nf3 e6 3. e3 c5 4. Bd3 Nc6 5. b3 cxd4 6. exd4 Be7 7. Bb2 0-0 8. 0-0 a6 9. c4 b6 10. a3 d5 11. Nbd2 Bb7 12. Re1 Rc8 13. Qe2 Re8 14. h3 Bf8 15. Rac1 a5 16. Qe3 Qe7 17. Ne5 Nd7 18. f4 g6 19. Ndf3 Bg7 20. Kh2 Red8 21. g3 Nf6 22. Qf2 Rc7 23. Rc2 Rdc8 24. Qg1 Qd8 25. Qf2 Nd7 26. Qe3 Ncxe5 27. fxe5 dxc4 28. bxc4 b5 29. c5 b4 30. axb4 axb4 31. Be4 Bxe4 32. Qxe4 Nb6 33. Nd2 Nd5 34. Nc4 Ra8 35. Ra1 Rxa1 36. Bxa1 b3 37. Rf2 Qa8 38. Bb2 Qa2 39. Qf3 Rc8 40. Nd6 Rf8 41. Nc4 Qa4 42. Nd2 Bh6 43. Qxb3 Qxb3 44. Nxb3 Rb8 45. Na5 Be3 46. Re2 Rb4 47. Nc6 Rb3 48. Kg2 Kf8 49. Na5 Rb4 50. Nc6 Rb3 51. Na5 Rd3 52. Nc6 Ke8 53. h4 Kd7 54. Na5 Bxd4 55. Bxd4 Rxd4 56. c6+ Kc7 57. Rb2 Rb4 58. Rf2 Ne3+ 59. Kh3 Nf5 60. g4 Ra4 61. gxf5 Rxa5 62. fxe6 fxe6 63. Rf7+ Kxc6 64. Rxh7 Rxe5 65. Rg7 Re3+ 66. Kg2 Re4 67. Kg3 Re1 68. Kg2 Kd5 69. Rxg6 e5 70. h5 Re4 71. Rg3 Rf4 72. h6 Rf8 73. h7 Rh8 74. Rh3 e4 75. Kf2 Kd4 76. Ke2 e3 77. Rh4+ Ke5 78. Kxe3 Kf6 79. Kf4 Kg7 1/2-1/2

[Event "Madrid-ch U14"]
[Site "Madrid"]
[Date "2018.04.14"]
[Round "2"]
[White "Martinez Aragon, Aitor"]
[Black "Fernandez Estremera, Fernando"]
[Result "0-1"]
[WhiteElo "1823"]
[BlackElo "1822"]
[PlyCount "152"]
[EventDate "2018.04.14"]
[EventType "swiss"]
[EventRounds "6"]
[EventCountry "ESP"]
[SourceTitle "EXT 2019"]
[Source "ChessBase"]
[SourceDate "2018.10.10"]
[SourceVersion "1"]
[SourceVersionDate "2018.10.10"]
[SourceQuality "1"]

1. e4 c5 2. Nf3 a6 3. d4 cxd4 4. Nxd4 e5 5. Nf3 Nc6 6. Bd3 h6 7. 0-0 Nf6 8. c4 Bc5 9. Nc3 d6 10. a3 Bg4 11. h3 Bxf3 12. Qxf3 Nd4 13. Qg3 Nb3 14. Rb1 Nxc1 15. Rbxc1 0-0 16. b4 Ba7 17. Nd5 Nxd5 18. cxd5 Qd7 19. Be2 a5 20. bxa5 Bc5 21. Rb1 Rxa5 22. a4 Qxa4 23. Rxb7 Qxe4 24. Bf3 Qf5 25. Qg4 Qxg4 26. hxg4 Ra2 27. Be4 Rd2 28. Rd7 Rb8 29. Kh2 g5 30. Kh3 Kf8 31. Bf3 Ke8 32. Rc7 Rxf2 33. Rh1 Rc2 34. Rc6 Kf8 35. Rc7 Rc3 36. Kh2 Bg1+ 37. Kxg1 Rxc7 38. Rxh6 Ke7 39. Kf2 Rc4 40. Rh5 Rg8 41. Ke3 Kd7 42. Rh7 Ke7 43. Rh5 Ra4 44. Kd3 Rd4+ 45. Ke3 Rb4 46. Kd3 Rg7 47. Rh6 Kd7 48. Rf6 Ke7 49. Rh6 Ra4 50. Ke3 Ra3+ 51. Ke4 Ra4+ 52. Ke3 Ra3+ 53. Ke4 Ra4+ 54. Ke3 Rg8 55. Rh5 Rc4 56. Kd3 Rf4 57. Ke3 Kd7 58. Rh7 Kc7 59. Rh6 Rg7 60. Rh1 Kb6 61. Rc1 Rf6 62. Rc6+ Kb7 63. Be4 Rg8 64. Rc1 Rc8 65. Rb1+ Kc7 66. Rh1 Rf4 67. Bf3 Rb8 68. Rh5 Rb3+ 69. Kd2 e4 70. Be2 f6 71. Rh7+ Kb6 72. Rd7 Kc5 73. Rc7+ Kd4 74. Kc2 Rg3 75. Kd2 Rxg2 76. Rc4+ Kxd5 0-1

[Event "Madrid-ch Previa-A"]
[Site "Madrid"]
[Date "2018.02.13"]
[Round "5"]
[White "Ruiz Quevedo, Andres"]
[Black "Martinez Aragon, Aitor"]
[Result "1-0"]
[WhiteElo "1917"]
[BlackElo "1786"]
[PlyCount "57"]
[EventDate "2018.02.05"]
[EventType "swiss"]
[EventRounds "9"]
[EventCountry "ESP"]
[SourceTitle "EXT 2020"]
[Source "ChessBase"]
[SourceDate "2019.10.17"]
[SourceVersion "1"]
[SourceVersionDate "2019.10.17"]
[SourceQuality "1"]

1. g3 Nf6 2. Bg2 d5 3. Nf3 c6 4. 0-0 Bf5 5. d3 e6 6. Nh4 Bg6 7. Nxg6 hxg6 8. c4 Bd6 9. cxd5 exd5 10. e4 Nbd7 11. exd5 Nxd5 12. Re1+ Ne7 13. Nc3 0-0 14. Ne4 Bc7 15. Bg5 a5 16. Qb3 Kh8 17. Bxe7 Qxe7 18. Qxb7 Ne5 19. Qb3 Rab8 20. Qc2 Qb4 21. b3 Bb6 22. a3 Qb5 23. Rad1 Bd4 24. Ng5 Ng4 25. Ne4 Ne5 26. Qe2 Qxb3 27. Ng5 Qxa3 28. Qe4 c5 29. Qh4+ 1-0

[Event "Madrid-ch Previa-A"]
[Site "Madrid"]
[Date "2018.02.07"]
[Round "3"]
[White "Ramos Garcia, Raul"]
[Black "Martinez Aragon, Aitor"]
[Result "0-1"]
[WhiteElo "1700"]
[BlackElo "1786"]
[PlyCount "158"]
[EventDate "2018.02.05"]
[EventType "swiss"]
[EventRounds "9"]
[EventCountry "ESP"]
[SourceTitle "EXT 2020"]
[Source "ChessBase"]
[SourceDate "2019.10.17"]
[SourceVersion "1"]
[SourceVersionDate "2019.10.17"]
[SourceQuality "1"]

1. d4 Nf6 2. c4 e6 3. a3 Be7 4. Nf3 b6 5. Nc3 Bb7 6. Bg5 0-0 7. e3 d6 8. Bd3 Nbd7 9. 0-0 h6 10. Bh4 a6 11. b4 Nh7 12. Bxe7 Qxe7 13. Be4 Bxe4 14. Nxe4 f5 15. Nc3 Ng5 16. Nxg5 Qxg5 17. f4 Qf6 18. Qf3 c5 19. Rfd1 Rac8 20. Qb7 cxb4 21. axb4 Rxc4 22. Ne2 Rf7 23. Qxa6 Rxb4 24. Qa3 Rc4 25. Qxd6 Qe7 26. Ra8+ Kh7 27. Qxe7 Rxe7 28. Ra7 Kg6 29. d5 exd5 30. Nd4 Kf6 31. Nf3 Rc5 32. Rd3 Rc1+ 33. Kf2 Nc5 34. Rda3 Rxa7 35. Rxa7 Rc2+ 36. Kg1 b5 37. Nd4 Rc1+ 38. Kf2 b4 39. Ra8 b3 40. Rf8+ Ke7 41. Nxb3 Nxb3 42. Rxf5 Rd1 43. Ke2 Rd2+ 44. Kf1 Nc5 45. Re5+ Kf6 46. Re8 Ne4 47. Rd8 Ke7 48. Rg8 Kf7 49. Rd8 Rf2+ 50. Kg1 Re2 51. Kf1 Rf2+ 52. Kg1 Re2 53. Kf1 Rxe3 54. Rxd5 Nf6 55. Rb5 h5 56. Rb7+ Kg6 57. h3 Ra3 58. Rb5 Ra2 59. Rg5+ Kh6 60. Re5 Ra4 61. g3 Ra3 62. Kg2 Ra2+ 63. Kg1 Ra1+ 64. Kg2 Ra2+ 65. Kg1 Rd2 66. Re6 Rd4 67. Kg2 Re4 68. Rd6 h4 69. Kf3 hxg3 70. Kxg3 Re3+ 71. Kg2 Kh7 72. Rc6 Re4 73. Kf3 Ra4 74. Rc5 Ra3+ 75. Kg2 Rg3+ 76. Kxg3 Ne4+ 77. Kg4 Nxc5 78. Kf5 Kh6 79. h4 Kh5 0-1

[Event "Madrid Chamartin op 6th"]
[Site "Madrid"]
[Date "2017.09.10"]
[Round "9"]
[White "Alameda Arellano, Cristeto"]
[Black "Martinez Aragon, Aitor"]
[Result "0-1"]
[WhiteElo "1577"]
[BlackElo "1702"]
[PlyCount "74"]
[EventDate "2017.09.04"]
[EventType "swiss"]
[EventRounds "9"]
[EventCountry "ESP"]
[SourceTitle "CBM 180 Extra"]
[Source "ChessBase"]
[SourceDate "2017.10.06"]
[SourceVersion "1"]
[SourceVersionDate "2017.10.06"]
[SourceQuality "1"]

1. d4 Nf6 2. Bf4 d5 3. e3 Bf5 4. Nf3 e6 5. Be2 Bd6 6. Bg3 0-0 7. c4 Nbd7 8. Bxd6 cxd6 9. cxd5 Nxd5 10. Nbd2 N7f6 11. 0-0 Rc8 12. Qa4 a6 13. Rfc1 h6 14. Qa3 Qd7 15. Nh4 Bh7 16. Nc4 Rc6 17. Bd3 Rfc8 18. Bxh7+ Nxh7 19. b3 Qc7 20. e4 Nb6 21. Qb4 Nxc4 22. bxc4 Rxc4 23. Rxc4 Qxc4 24. Qd2 Nf6 25. Re1 b5 26. g3 Qc3 27. Qd1 Qc2 28. Qe2 Qxe2 29. Rxe2 Rc4 30. Nf3 b4 31. e5 dxe5 32. Rxe5 Nd5 33. Re1 Rc2 34. a4 b3 35. Ne5 b2 36. Nd3 Nc3 37. Nb4 Rc1 0-1

[Event "Madrid Chamartin op 6th"]
[Site "Madrid"]
[Date "2017.09.06"]
[Round "4"]
[White "Martinez Aragon, Aitor"]
[Black "Cabanas Bravo, Juan Andres"]
[Result "1-0"]
[WhiteElo "1702"]
[BlackElo "2009"]
[PlyCount "33"]
[EventDate "2017.09.04"]
[EventType "swiss"]
[EventRounds "9"]
[EventCountry "ESP"]
[SourceTitle "CBM 180 Extra"]
[Source "ChessBase"]
[SourceDate "2017.10.06"]
[SourceVersion "1"]
[SourceVersionDate "2017.10.06"]
[SourceQuality "1"]

1. b3 e5 2. Bb2 Nc6 3. e3 d5 4. Bb5 Bd6 5. Nf3 Qe7 6. c4 dxc4 7. bxc4 Bd7 8. Nc3 Nf6 9. 0-0 0-0 10. d4 exd4 11. exd4 Bg4 12. Re1 Qd8 13. Ne4 Ne8 14. Nxd6 Qxd6 15. d5 Bxf3 16. Qxf3 Ne7 17. Ba3 1-0

[Event "Madrid-ch U12"]
[Site "Madrid"]
[Date "2016.04.24"]
[Round "6.5"]
[White "Coromina Martinez, David"]
[Black "Martinez Aragon, Aitor"]
[Result "0-1"]
[WhiteElo "1230"]
[BlackElo "1621"]
[PlyCount "104"]
[EventDate "2016.04.16"]
[EventType "swiss"]
[EventRounds "7"]
[EventCountry "ESP"]
[SourceTitle "EXT 2024"]
[Source "ChessBase"]
[SourceDate "2023.10.10"]
[SourceVersion "1"]
[SourceVersionDate "2023.10.10"]
[SourceQuality "1"]

1. e4 e6 2. d4 d5 3. Nc3 Nf6 4. e5 Nfd7 5. f4 c5 6. Nf3 Nc6 7. Be3 a6 8. Qd2 Be7 9. dxc5 Bxc5 10. Bxc5 Nxc5 11. Nd4 Nxd4 12. Qxd4 Qc7 13. f5 Nd7 14. fxe6 fxe6 15. 0-0-0 Qxe5 16. Qxe5 Nxe5 17. Nxd5 exd5 18. Re1 Ke7 19. Rxe5+ Kd6 20. Rg5 g6 21. Bd3 Be6 22. Rd1 Rac8 23. Be4 Rc5 24. Kb1 Kc6 25. Bf3 Bf5 26. Rd2 Re8 27. Be2 Bxc2+ 28. Rxc2 Rxc2 29. Kxc2 Rxe2+ 30. Kc1 Kc5 31. Rg4 d4 32. Rg5+ Kc4 33. Rg3 Re3 34. Rxe3 dxe3 35. Kc2 b5 36. g3 g5 37. g4 a5 38. h3 h6 39. b3+ Kd4 40. a3 b4 41. axb4 axb4 42. Kd1 Kd3 43. Ke1 e2 44. h4 gxh4 45. g5 hxg5 46. Kf2 Kd2 47. Kg2 e1Q 48. Kh2 Qg3+ 49. Kh1 Qg4 50. Kh2 Ke2 51. Kh1 Kf2 52. Kh2 Qg2# 0-1